Taylor Swift - Speak Now Lyrics - Statistics

General Stats
  • This quiz has been taken 207 times
    193 since last reset
  • The average score is 337 of 372
Answer Stats
Answer % Correct
a
99%
I
99%
on
99%
the
99%
who
99%
you
99%
You
99%
you?
99%
am
98%
be
98%
in
98%
me
98%
not
98%
of
98%
your
98%
Your
98%
at
97%
But
97%
but
97%
girl
97%
kind
97%
"Speak
97%
and
96%
And
96%
are
96%
boy
96%
my
96%
now
96%
now"
96%
hear
95%
say
95%
should
95%
wrong
95%
back
94%
Don't
94%
don't
94%
i'm
94%
I'm
94%
marrying
94%
all
93%
church
93%
I'll
93%
is
93%
it
93%
It
93%
or
93%
said
93%
she
93%
She
93%
So
93%
to
93%
white
93%
bride
92%
door
92%
out
92%
up
92%
occasion
91%
room
91%
run
91%
they
91%
eyes
90%
hold
90%
like
90%
looking
90%
meet
90%
only
90%
see
90%
single
90%
was
90%
with
90%
away
89%
everyone
89%
looks
89%
rudely
89%
stand
89%
forever
88%
from
88%
yes
88%
dressed
87%
peace"
87%
vow
87%
when
87%
family
86%
hands
86%
her
86%
need
86%
what
85%
would
85%
yelling
84%
you're
84%
by
83%
wish
83%
Horrified
82%
last
82%
There's
82%
there's
82%
veil
82%
friends
81%
lovely
81%
sneak
81%
This
81%
bridesmaid
80%
chance
80%
know
80%
pastry
80%
preacher
80%
queen
80%
that
80%
time
80%
wait
80%
barging
79%
gown
79%
little
79%
pastel
79%
running
79%
silence
79%
thought
79%
where
79%
daydream
78%
shaky
78%
down
77%
surely
77%
wearing
76%
myself
75%
seems
75%
lose
74%
shaped
74%
pageant
72%
hiding
70%
uninvited
70%
aisle
68%
curtains
68%
snotty
68%
somewhere
68%
death
67%
march
67%
play
66%
were
65%
didn't
64%
song
64%
sounds
64%
starts
64%
inside
63%
organ
63%
around
62%
glad
61%
you'll
61%
Let's
60%
vows
60%
Baby
57%
tux
55%
exchanged
54%
floats
53%
gestures
51%
Fond
40%
No matching quizzes found
Score Distribution
Percent of People with Each Score
Percentile by Number Answered
Your Score History
You have not taken this quiz since the last reset